| 000 | 00453nam a22001697a 4500 | ||
|---|---|---|---|
| 999 |
_c7837 _d7835 |
||
| 005 | 20210904143239.0 | ||
| 008 | 210823b ||||| |||| 00| 0 eng d | ||
| 020 | _a9780521878272 | ||
| 041 | _aeng | ||
| 082 | _a382.9 | ||
| 100 |
_aSIMON, LESTER AND MERCURIO, BRYAN _96565 |
||
| 245 | _aBILATERAL AND REGIONAL TRADE AGREEMENTS:CIMMENTARY AND ANALYSIS | ||
| 260 |
_bCAMBRIDGE UNIVERSITY _c2009 |
||
| 300 | _a436,p | ||
| 650 |
_aLAW _95701 |
||
| 942 | _cBK | ||